000 00346 a2200169 4500
001 172225
020 _a
040 _cMagnum
100 _aOrthof, Sylvia
240 1 0 _aTumebune, o vaga-lume
_lpor
245 1 0 _aTumebune, o vaga-lume
300 _a24
362 0 _a1989
440 1 _aÁtica
697 _aLITERATURA INFANTO
942 _cBK
999 _c172225
_d172225